| 000 | 00684nam a22001937a 4500 | ||
|---|---|---|---|
| 005 | 20170329105526.0 | ||
| 010 | _aENG-117258 | ||
| 020 |
_c395.00 _a9789386042415 |
||
| 035 | _aEN-100790 | ||
| 037 | _bDBAD/PUB | ||
| 082 | _a658.3 | ||
| 100 | _aRamesh Soundararajan | ||
| 245 |
_aWinning on HR analysis : _cby Ramesh Soundararajan [and] Kuldeep Singh _bleveraging data for competitive advantage / |
||
| 260 |
_aNew Delhi _bSAGE Publications _c2017 |
||
| 270 |
_aB1/1-1, Mohan Cooperative Industrial Area, Mathura Road, _bNew Delhi _e110044 |
||
| 300 |
_axxii,245p.: _c22cm(pbk) _bill |
||
| 500 | _aIncludes references and index | ||
| 942 |
_2ddc _cEN _mRAM _h658.3 |
||
| 999 |
_c137859 _d137859 |
||